| 000 | 00371 a2200133 4500 | ||
|---|---|---|---|
| 005 | 20250623063159.0 | ||
| 020 | _a13-937631-3 | ||
| 082 | _aLM 621.381 HER | ||
| 100 | _aHERRICK, C. N. | ||
| 245 | _aUnified Concepts of Electronics | ||
| 260 |
_aNew Jersey, _bPrentice-Hall, _c1970. |
||
| 300 |
_axiii, 670p.: ill.; figure, table. _bGlossary, index. _c24cm. |
||
| 942 |
_2ddc _cBKS |
||
| 999 |
_c4291 _d4291 |
||